Eighteen years in Uganda & East Africa (Record no. 124041)
[ view plain ]
| 000 -LEADER | |
|---|---|
| fixed length control field | 01397cam a2200361ua 4500 |
| 001 - CONTROL NUMBER | |
| control field | 4508685 |
| 003 - CONTROL NUMBER IDENTIFIER | |
| control field | ARRUPE |
| 005 - DATE AND TIME OF LATEST TRANSACTION | |
| control field | 20160216083633.0 |
| 007 - PHYSICAL DESCRIPTION FIXED FIELD--GENERAL INFORMATION | |
| fixed length control field | he|amc048baca |
| 007 - PHYSICAL DESCRIPTION FIXED FIELD--GENERAL INFORMATION | |
| fixed length control field | he|bmc048baaa |
| 008 - FIXED-LENGTH DATA ELEMENTS--GENERAL INFORMATION | |
| fixed length control field | 920710r19901908ilua b 001 0 eng d |
| 020 ## - INTERNATIONAL STANDARD BOOK NUMBER | |
| International Standard Book Number | 0790570874 (microfiche) |
| 035 ## - SYSTEM CONTROL NUMBER | |
| System control number | (OCoLC)22986755 |
| 035 ## - SYSTEM CONTROL NUMBER | |
| System control number | (OCoLC)ocm22986755 |
| 035 ## - SYSTEM CONTROL NUMBER | |
| System control number | (NNC)4508685 |
| 040 ## - CATALOGING SOURCE | |
| Original cataloging agency | ATLA |
| Transcribing agency | ATLA |
| 043 ## - GEOGRAPHIC AREA CODE | |
| Geographic area code | f-gu--- |
| -- | fe----- |
| 050 #4 - LIBRARY OF CONGRESS CALL NUMBER | |
| Classification number | DT425 |
| Item number | .T8 |
| 090 ## - LOCALLY ASSIGNED LC-TYPE CALL NUMBER (OCLC); LOCAL CALL NUMBER (OCLC) | |
| Local cutter number (OCLC) ; Book number/undivided call number, CALL (RLIN) | 84-B1 ATLA fiche 1988-3087 |
| 300 ## - PHYSICAL DESCRIPTION | |
| Other physical details | ill. (some col.), col. map ; |
| Dimensions | 23 cm. |
| 100 1# - MAIN ENTRY--PERSONAL NAME | |
| Personal name | Tucker, Alfred Robert |
| Dates associated with a name | 1849-1914. |
| 9 (RLIN) | 21816 |
| 245 10 - TITLE STATEMENT | |
| Title | Eighteen years in Uganda & East Africa |
| Statement of responsibility, etc | by Alfred R. Tucker ; with illustrations from drawings by the author and a map. |
| 260 ## - PUBLICATION, DISTRIBUTION, ETC. (IMPRINT) | |
| Place of publication, distribution, etc | London : |
| Name of publisher, distributor, etc | E. Arnold, |
| Date of publication, distribution, etc | 1908. |
| 300 ## - PHYSICAL DESCRIPTION | |
| Extent | 2 v. : |
| 533 ## - REPRODUCTION NOTE | |
| Type of reproduction | Microfiche. |
| Place of reproduction | Evanston : |
| Agency responsible for reproduction | American Theological Library Association, |
| Date of reproduction | 1990. |
| Physical description of reproduction | 3 microfiche. High reduction. Silver based film. |
| Series statement of reproduction | (ATLA monograph preservation program ; ATLA fiche 1988-3087) |
| 610 20 - SUBJECT ADDED ENTRY--CORPORATE NAME | |
| Corporate name or jurisdiction name as entry element | Church of England |
| General subdivision | Missions. |
| 9 (RLIN) | 9191 |
| 650 #0 - SUBJECT ADDED ENTRY--TOPICAL TERM | |
| Topical term or geographic name as entry element | Missions |
| Geographic subdivision | Africa, East. |
| 9 (RLIN) | 21817 |
| 651 #0 - SUBJECT ADDED ENTRY--GEOGRAPHIC NAME | |
| Geographic name | Uganda |
| General subdivision | Description and travel. |
| 9 (RLIN) | 9477 |
| 651 #0 - SUBJECT ADDED ENTRY--GEOGRAPHIC NAME | |
| Geographic name | Africa, East |
| General subdivision | Description and travel. |
| 9 (RLIN) | 21818 |
| 740 0# - ADDED ENTRY--UNCONTROLLED RELATED/ANALYTICAL TITLE | |
| Uncontrolled related/analytical title | Eighteen years in Uganda and East Africa. |
| 830 #0 - SERIES ADDED ENTRY--UNIFORM TITLE | |
| Uniform title | ATLA monograph preservation program ; |
| Volume number/sequential designation | ATLA fiche 1988-3087. |
| 9 (RLIN) | 21819 |
| 942 ## - ADDED ENTRY ELEMENTS (KOHA) | |
| Source of classification or shelving scheme | Library of Congress Classification |
| Koha item type | SPC |
| Withdrawn status | Lost status | Source of classification or shelving scheme | Damaged status | Not for loan | Collection code | Home library | Current library | Shelving location | Date acquired | Total Checkouts | Full call number | Barcode | Date last seen | Price effective from | Koha item type |
|---|---|---|---|---|---|---|---|---|---|---|---|---|---|---|---|
| Library of Congress Classification | SPECIAL Collection | ARRUPE LIBRARY | ARRUPE LIBRARY | Reference | 26/01/2016 | SPC DT425 .T8 | 46500006125 | 26/01/2016 | 26/01/2016 | SPC | |||||
| Library of Congress Classification | SPECIAL Collection | ARRUPE LIBRARY | ARRUPE LIBRARY | Reference | 26/01/2016 | SPC DT425 .T8 | 46500006126 | 26/01/2016 | 26/01/2016 | SPC |